[Event "Sparkassen-Open A"]
[Site "Heusenstamm, Martinsee"]
[Date "2016.11.27"]
[Round "1.75"]
[White "Falkenhainer, Sven"]
[Black "Cichy, Michael"]
[Result "0-1"]
[WhiteElo "1781"]
[BlackElo "2053"]
[PlyCount "104"]
[EventDate "2016.??.??"]
[WhiteTeam "SC Bergen-Enkheim"]
[BlackTeam "SC BS Gliesmarode"]

1. e4 c5 2. Nc3 e6 3. Nf3 a6 4. a4 Nc6 5. d3 d5 6. g3 Nf6 7. Bg5 Be7 8. Bg2 h6
9. Bd2 b6 10. O-O Bb7 11. exd5 exd5 12. Nh4 Qd7 13. Ne2 g5 14. Nf3 O-O-O 15. d4
Ne4 16. c3 Nxd2 17. Nxd2 cxd4 18. Nxd4 Nxd4 19. cxd4 Kb8 20. f4 f6 21. Qb3 Ka7
22. a5 b5 23. Qd3 Rc8 24. Rab1 Bb4 25. Nb3 Qd6 26. Bh3 Rc4 27. Qg6 Rc7 28. fxg5
fxg5 29. Rf6 Qe7 30. Re6 Qd8 31. Rxa6+ Bxa6 32. Qb6+ Ka8 33. Qxa6+ Kb8 34.
Qxb5+ Rb7 35. Qa4 Qe7 36. Rf1 Qe3+ 37. Kh1 Bd6 38. Qc6 Qxb3 39. Qxd6+ Ka7 40.
Qc5+ Kb8 41. Bg2 Rd8 42. a6 Rc7 43. Qa5 Rdd7 44. Ra1 Ka7 45. Rf1 Qxb2 46. Bxd5
Rc1 47. Rxc1 Qxc1+ 48. Kg2 Qb2+ 49. Kh3 Qxd4 50. Bb7 g4+ 51. Kh4 Rg7 52. Qd5
Qf6+ 0-1

[Event "Sparkassen-Open A"]
[Site "Heusenstamm, Martinsee"]
[Date "2016.11.27"]
[Round "1.76"]
[White "Schlößner, Henrik"]
[Black "Nickel, Jonas"]
[Result "1-0"]
[WhiteElo "2050"]
[BlackElo "1777"]
[PlyCount "65"]
[EventDate "2016.??.??"]
[WhiteTeam "SK Gründau"]
[BlackTeam "SG Wächtersbach"]

1. e4 c5 2. Nf3 e6 3. g3 Nc6 4. Bg2 Nf6 5. d3 d5 6. e5 Nd7 7. Qe2 Be7 8. O-O
O-O 9. Re1 b5 10. Bf4 a5 11. Nbd2 a4 12. Nf1 b4 13. c4 bxc3 14. bxc3 Ba6 15. h4
a3 16. N1h2 Rb8 17. Rab1 Qc7 18. Ng5 Rxb1 19. Rxb1 Rb8 20. Rd1 Bxg5 21. hxg5
Rb2 22. Qh5 Nf8 23. Ng4 c4 24. Nf6+ Kh8 25. d4 Rxa2 26. Bf3 Rc2 27. Kg2 h6 28.
Rh1 Ng6 29. Qg4 Nxf4+ 30. gxf4 a2 31. Rxh6+ gxh6 32. gxh6 a1=Q 33. Qg7# 1-0

[Event "Sparkassen-Open A"]
[Site "Heusenstamm, Martinsee"]
[Date "2016.11.27"]
[Round "1.77"]
[White "Zerhusen, Martin"]
[Black "Konik, Michael"]
[Result "0-1"]
[WhiteElo "1774"]
[BlackElo "2049"]
[PlyCount "96"]
[EventDate "2016.??.??"]
[WhiteTeam "SV Oberursel"]
[BlackTeam "SK Mainaschaff"]

1. d4 d5 2. c4 e6 3. Nc3 Nf6 4. Nf3 c6 5. e3 Nbd7 6. Be2 dxc4 7. Bxc4 b5 8. Be2
Bb7 9. Bd2 Rc8 10. O-O Bd6 11. a3 O-O 12. Rc1 Qe7 13. Qb3 a6 14. Rfd1 c5 15.
dxc5 Nxc5 16. Qa2 Bb8 17. b4 Nce4 18. Nxe4 Nxe4 19. Qb2 Rxc1 20. Rxc1 Qd6 21.
g3 Qd5 22. Qd4 Qf5 23. Be1 Nxg3 24. hxg3 Bxf3 25. Bxf3 Qxf3 26. Qb6 h5 27. Qxa6
Bxg3 28. Rc8 Be5 29. Rxf8+ Kxf8 30. Qxb5 f6 31. Qc4 Kf7 32. b5 Qh3 33. Qc6 Bh2+
34. Kh1 Be5+ 35. Kg1 h4 36. Qd7+ Kg6 37. Qe8+ Kh6 38. Qh8+ Kg6 39. Qe8+ Kf5 40.
Qh5+ Ke4 41. Qg6+ f5 42. Qg2+ Qxg2+ 43. Kxg2 g5 44. b6 g4 45. b7 h3+ 46. Kh1
Kf3 47. Bb4 Kxf2 48. Bc5 g3 0-1

[Event "Sparkassen-Open A"]
[Site "Heusenstamm, Martinsee"]
[Date "2016.11.27"]
[Round "1.78"]
[White "Seickel, Ralf"]
[Black "Balhar, Michael"]
[Result "1-0"]
[WhiteElo "2047"]
[BlackElo "1758"]
[PlyCount "99"]
[EventDate "2016.??.??"]
[WhiteTeam "vereinslos"]
[BlackTeam "SC Erlangen"]

1. c4 Nf6 2. g3 c5 3. Bg2 g6 4. Nf3 Bg7 5. O-O O-O 6. d4 cxd4 7. Nxd4 Nc6 8.
Nc3 Nxd4 9. Qxd4 d6 10. Qd3 Rb8 11. h3 b6 12. Bg5 Be6 13. Rac1 Nd7 14. b3 h6
15. Be3 Ne5 16. Qd2 Kh7 17. f4 Nd7 18. Nb5 a6 19. Nd4 Nc5 20. Nc6 Qd7 21. Nxb8
Rxb8 22. b4 Na4 23. Kh2 Nb2 24. Bd4 Na4 25. Bxg7 Kxg7 26. e4 f6 27. Rfd1 Rc8
28. Qd4 Qe8 29. e5 dxe5 30. fxe5 Rc7 31. exf6+ exf6 32. Re1 Qc8 33. Qd6 Bf7 34.
Rf1 f5 35. Bd5 Rd7 36. Qe5+ Kg8 37. Bxf7+ Rxf7 38. Rfe1 Qd7 39. Rcd1 Qc7 40.
Qe6 Kh7 41. Rd6 Rg7 42. Red1 Qe7 43. Qxe7 Rxe7 44. Rd7 Rg7 45. Rxg7+ Kxg7 46.
Rd7+ Kf6 47. Ra7 Nb2 48. c5 bxc5 49. Rxa6+ Ke5 50. bxc5 1-0

[Event "Sparkassen-Open A"]
[Site "Heusenstamm, Martinsee"]
[Date "2016.11.27"]
[Round "1.79"]
[White "Schmitt, Clemens"]
[Black "Held, Carsten"]
[Result "0-1"]
[WhiteElo "1757"]
[BlackElo "2046"]
[PlyCount "76"]
[EventDate "2016.??.??"]
[WhiteTeam "SV Bergwinkel"]
[BlackTeam "SC Ladja Roßdorf"]

1. c4 Nf6 2. g3 g6 3. Bg2 Bg7 4. Nc3 c5 5. e4 Nc6 6. Nge2 O-O 7. d3 d6 8. O-O
Rb8 9. h3 a6 10. a4 Ne8 11. Be3 Nc7 12. d4 cxd4 13. Nxd4 Nxd4 14. Bxd4 Bxd4 15.
Qxd4 Ne6 16. Qe3 Qa5 17. Nd5 Re8 18. e5 Qc5 19. exd6 Qxd6 20. b4 Nc7 21. Qb3
Nxd5 22. Bxd5 Bxh3 23. Rfd1 Qf6 24. a5 Bg4 25. Rdc1 Red8 26. Kg2 h5 27. Qe3 Rd7
28. f3 Bf5 29. Rf1 e6 30. Qa7 Rbd8 31. Bxb7 Rd2+ 32. Kg1 Qg5 33. g4 Qh4 34. Rf2
Qg3+ 35. Kf1 Bd3+ 36. Ke1 Bxc4 37. Bxa6 Qg1+ 38. Rf1 Qxf1# 0-1

[Event "Sparkassen-Open A"]
[Site "Heusenstamm, Martinsee"]
[Date "2016.11.27"]
[Round "1.80"]
[White "Schweizer, Manfred"]
[Black "Elbert, Thomas"]
[Result "0-1"]
[WhiteElo "2044"]
[BlackElo "1710"]
[PlyCount "86"]
[EventDate "2016.??.??"]
[WhiteTeam "Post-SV Memmingen"]
[BlackTeam "SF Sailauf"]

1. g3 d5 2. Bg2 Nf6 3. Nf3 Nc6 4. d4 Bg4 5. O-O e6 6. Nbd2 Bb4 7. c3 Bd6 8. Re1
O-O 9. b3 Re8 10. Bb2 e5 11. dxe5 Nxe5 12. Nxe5 Bxe5 13. Nf3 Bd6 14. Qc2 c6 15.
Rad1 Qb6 16. Nd4 Bh5 17. Bf3 Bg6 18. Qc1 Re7 19. e3 Ne4 20. b4 Qc7 21. Ne2 Ng5
22. Bg2 Bh5 23. Nd4 Bxd1 24. Qxd1 Qd7 25. Qh5 f6 26. f4 Ne4 27. Nf5 Rf7 28. Bh3
Qe8 29. Qg4 Kh8 30. a3 Bc7 31. Nd4 Nd6 32. f5 Qe4 33. Qh5 Re7 34. Ne6 Nc4 35.
Bc1 Bb6 36. Bg2 Qc2 37. Nf4 Ne5 38. Kh1 Kg8 39. e4 Nd3 40. Nxd3 Qxd3 41. Rd1
Qxc3 42. exd5 Re1+ 43. Bf1 cxd5 0-1

[Event "Sparkassen-Open A"]
[Site "Heusenstamm, Martinsee"]
[Date "2016.11.27"]
[Round "1.81"]
[White "Papadopoulos, Ioannis"]
[Black "Hentzgen, Thomas"]
[Result "1-0"]
[WhiteElo "1755"]
[BlackElo "2042"]
[PlyCount "131"]
[EventDate "2016.??.??"]
[WhiteTeam "SV Oberursel"]
[BlackTeam "USV Halle"]

1. e4 c5 2. Nf3 e6 3. d4 cxd4 4. Nxd4 a6 5. Nc3 b5 6. Be3 Bb7 7. Bd3 d6 8. O-O
Nf6 9. a3 h5 10. h3 Nbd7 11. Nf3 Ne5 12. Nxe5 dxe5 13. Qe2 Qc7 14. Rad1 Bc5 15.
Bxb5+ axb5 16. Qxb5+ Qc6 17. Bxc5 Nd7 18. Qxc6 Bxc6 19. Bb4 Rc8 20. Rfe1 Rh6
21. Nb1 f5 22. Nd2 Bb7 23. Bc3 Rg6 24. g3 h4 25. Kh2 hxg3+ 26. fxg3 Rc5 27. Nb3
Rc8 28. exf5 exf5 29. Rd2 e4 30. Nd4 Ne5 31. Rf2 Rh6 32. Rxf5 Ng4+ 33. Kg2 Nf6
34. h4 Rc7 35. Nb5 Rd7 36. Bxf6 Rd2+ 37. Kg1 gxf6 38. Rf2 Rd7 39. Nc3 Re7 40.
Rf4 Rg6 41. Nxe4 f5 42. Rxf5 Bxe4 43. Rf4 Bxc2 44. Rxe7+ Kxe7 45. Kf2 Kd6 46.
g4 Ke5 47. Kg3 Bd1 48. Rb4 Rg8 49. a4 Rd8 50. h5 Be2 51. h6 Rh8 52. Rb6 Bd3 53.
a5 Bh7 54. a6 Ra8 55. Kh4 Bd3 56. Kh5 Bxa6 57. g5 Be2+ 58. Kh4 Ra4+ 59. Kh3 Kf5
60. g6 Rg4 61. g7 Bf1+ 62. Kh2 Rg2+ 63. Kh1 Rg4 64. h7 Bg2+ 65. Kh2 Rxg7 66.
h8=Q 1-0

[Event "Sparkassen-Open A"]
[Site "Heusenstamm, Martinsee"]
[Date "2016.11.27"]
[Round "1.82"]
[White "Waffenschmidt, Joachim"]
[Black "Rapp, Matthias"]
[Result "1/2-1/2"]
[WhiteElo "2039"]
[BlackElo "1746"]
[PlyCount "80"]
[EventDate "2016.??.??"]
[WhiteTeam "SC Brett vorm Kopp"]
[BlackTeam "SF Mainz"]

1. d4 d5 2. c4 e6 3. g3 Nf6 4. Bg2 Be7 5. Nf3 O-O 6. O-O Nbd7 7. cxd5 exd5 8.
Nc3 c6 9. a3 Re8 10. b4 Nb6 11. Nd2 Bg4 12. h3 Bh5 13. Qb3 Bd6 14. Re1 Bg6 15.
a4 Qe7 16. a5 Nbd7 17. b5 Rab8 18. Ba3 a6 19. Bxd6 Qxd6 20. b6 Ne4 21. Ndxe4
dxe4 22. e3 Rbc8 23. Red1 h6 24. Rac1 Kh7 25. Ne2 Nf6 26. Nf4 Re7 27. Rc5 Nd7
28. Rc3 Bf5 29. g4 Bg6 30. Rdc1 f5 31. Nxg6 Qxg6 32. Qd1 Nf6 33. gxf5 Qxf5 34.
Rc5 Qg6 35. Qe2 Nd7 36. R5c3 Nf6 37. Rc5 Nd7 38. R5c3 Nf6 39. Rc5 Rf7 40. Rf1
Kh8 1/2-1/2

[Event "Sparkassen-Open A"]
[Site "Heusenstamm, Martinsee"]
[Date "2016.11.27"]
[Round "1.83"]
[White "Midanka, Vladimir Josef"]
[Black "Rack, Matthias"]
[Result "0-1"]
[WhiteElo "1752"]
[BlackElo "2038"]
[PlyCount "154"]
[EventDate "2016.??.??"]
[WhiteTeam "SC Brett vorm Kopp"]
[BlackTeam "SF Neuberg"]

1. Nf3 Nf6 2. c4 c6 3. Nc3 d5 4. e3 g6 5. d4 Bg7 6. Bd3 O-O 7. O-O Re8 8. Re1
Nbd7 9. e4 dxe4 10. Nxe4 Nxe4 11. Bxe4 Nf6 12. h3 Qc7 13. Ne5 Nd7 14. Bf4 Qb6
15. Qd2 Nf6 16. Bf3 Bf5 17. Qc3 Nd7 18. c5 Qd8 19. Rad1 Nxe5 20. dxe5 Qc8 21.
Rd2 Be6 22. Red1 Qc7 23. Bg3 Rad8 24. a3 Rxd2 25. Rxd2 Rd8 26. Rd4 Bh6 27. Qd3
Rxd4 28. Qxd4 Qd7 29. Qa4 a6 30. Bf4 Bg7 31. Qb4 Bd5 32. Qd2 e6 33. h4 Qc7 34.
Bxd5 cxd5 35. Qc3 h5 36. b4 Qd8 37. g3 d4 38. Qd3 Qd5 39. Qe2 Kf8 40. f3 d3 41.
Qe3 d2 42. Qxd2 Qxd2 43. Bxd2 Bxe5 44. f4 Bb2 45. a4 Ke7 46. Kf2 Kd7 47. Ke3
Kc6 48. Ke4 f5+ 49. Kd3 Kd5 50. Be3 e5 51. fxe5 Bxe5 52. Bf4 Bd4 53. Bc7 Bf6
54. Bf4 a5 55. bxa5 Kxc5 56. Bd2 Be5 57. Be1 Kd5 58. Bf2 Bd6 59. Be1 Bc7 60.
Ke3 Kc4 61. Kf3 Kb3 62. Ke3 Kxa4 63. Kd3 Bxa5 64. Bf2 Kb5 65. Bd4 Kc6 66. Be5
Bc7 67. Kd4 Bxe5+ 68. Kxe5 b5 69. Kf6 b4 70. Kxg6 b3 71. Kxh5 b2 72. Kg5 b1=Q
73. h5 Qe4 74. h6 Qg4+ 75. Kf6 Qxg3 76. Kxf5 Qg8 77. Kf6 Kd6 0-1

[Event "Sparkassen-Open A"]
[Site "Heusenstamm, Martinsee"]
[Date "2016.11.27"]
[Round "1.84"]
[White "Zweschper, Erich"]
[Black "Hinz, André"]
[Result "1-0"]
[WhiteElo "2036"]
[BlackElo "1693"]
[PlyCount "69"]
[EventDate "2016.??.??"]
[WhiteTeam "SVG Eppstein"]
[BlackTeam "SC Brett vorm Kopp"]

1. d4 Nc6 2. Nf3 d6 3. c4 g6 4. Nc3 Bg7 5. h3 e5 6. d5 Nce7 7. e4 Nf6 8. Be3
O-O 9. g4 h6 10. Qd2 g5 11. h4 Bxg4 12. Nh2 gxh4 13. Rg1 h5 14. Bg5 Ng6 15.
Nxg4 hxg4 16. Rxg4 Qd7 17. Rg1 Nh5 18. Be2 Nhf4 19. Bg4 Qe8 20. Ne2 a5 21. Bf5
Qa4 22. b3 Qb4 23. Nc3 h3 24. Rh1 Nh4 25. Bxh4 Bh6 26. Kf1 Ng6 27. Qxh6 Qxc3
28. Re1 Qd3+ 29. Kg1 Qc3 30. Re3 Qd2 31. Bf6 h2+ 32. Rxh2 Qd1+ 33. Kg2 Nf4+ 34.
Qxf4 exf4 35. Rh8# 1-0

[Event "Sparkassen-Open A"]
[Site "Heusenstamm, Martinsee"]
[Date "2016.11.27"]
[Round "1.87"]
[White "Gude, Michael"]
[Black "Syed, Tareq"]
[Result "0-1"]
[WhiteElo "1729"]
[BlackElo "2032"]
[PlyCount "48"]
[EventDate "2016.??.??"]
[WhiteTeam "SF Fürth"]
[BlackTeam "SC Brett vorm Kopp"]

1. e4 c6 2. d4 Na6 3. Nf3 g6 4. Be2 d6 5. O-O Nc7 6. c4 Bg7 7. Nc3 Nh6 8. h3
O-O 9. Be3 f5 10. Qd2 Nf7 11. Bd3 e5 12. exf5 gxf5 13. dxe5 dxe5 14. Bc2 Qe7
15. Rfe1 e4 16. Bf4 Ne6 17. Nxe4 fxe4 18. Bxe4 Qf6 19. Be5 Nxe5 20. Nxe5 Kh8
21. Bc2 Nf4 22. Qe3 Bh6 23. Qe4 Qg7 24. Ng4 Bf5 0-1

[Event "Sparkassen-Open A"]
[Site "Heusenstamm, Martinsee"]
[Date "2016.11.27"]
[Round "1.88"]
[White "Wagner, Dirk"]
[Black "Wagner, Günter"]
[Result "1/2-1/2"]
[WhiteElo "2031"]
[BlackElo "1725"]
[PlyCount "70"]
[EventDate "2016.??.??"]
[WhiteTeam "SC Matt im Park"]
[BlackTeam "SV Groß-Gerau"]

1. d4 Nf6 2. c4 c5 3. d5 g6 4. Nc3 Bg7 5. Nf3 d6 6. g3 O-O 7. Bg2 Na6 8. O-O
Nc7 9. e4 Rb8 10. a4 b6 11. Re1 a6 12. Bf4 Nh5 13. Bg5 h6 14. Be3 b5 15. cxb5
axb5 16. a5 Nf6 17. e5 Ng4 18. Qd2 Nxe3 19. Rxe3 Bb7 20. e6 b4 21. exf7+ Rxf7
22. Na4 Nxd5 23. Rd3 Nc7 24. Nxc5 Bxf3 25. Bxf3 Rxf3 26. Rxf3 dxc5 27. Qe2 Bd4
28. Qe4 Qd6 29. Qd3 Rf8 30. Qb3+ Qd5 31. Rxf8+ Kxf8 32. Qc2 Qf5 33. Qd2 Qg5 34.
Qe2 Qe5 35. Qd2 Qg5 1/2-1/2

[Event "Sparkassen-Open A"]
[Site "Heusenstamm, Martinsee"]
[Date "2016.11.27"]
[Round "1.89"]
[White "Lehmann, Tim"]
[Black "Kuhn, Gerhard"]
[Result "0-1"]
[WhiteElo "1703"]
[BlackElo "2030"]
[PlyCount "106"]
[EventDate "2016.??.??"]
[WhiteTeam "SV Lahn Limburg"]
[BlackTeam "SK Marburg"]

1. d4 Nf6 2. Bf4 g6 3. e3 Bg7 4. Nf3 d5 5. c3 O-O 6. Nbd2 b6 7. Be2 Bb7 8. O-O
Nbd7 9. h3 c5 10. Re1 Re8 11. Bh2 Ne4 12. a4 e5 13. dxe5 Nxe5 14. Nxe4 dxe4 15.
Nxe5 Bxe5 16. Qxd8 Bxh2+ 17. Kxh2 Rexd8 18. Red1 Kf8 19. Kg1 a5 20. Kf1 Bc6 21.
Ke1 Ke7 22. Bc4 f6 23. b3 g5 24. Rd2 Rxd2 25. Kxd2 Rd8+ 26. Ke2 f5 27. g3 Kf6
28. Rg1 Be8 29. g4 fxg4 30. hxg4 h5 31. f3 exf3+ 32. Kxf3 h4 33. Ke2 Bd7 34. e4
Rh8 35. Kf3 h3 36. Kg3 h2 37. Rh1 Ke5 38. Bd5 Rh4 39. Rxh2 Rxh2 40. Kxh2 Bxg4
41. Kg3 Bd1 42. Kf2 Kf4 43. Ke1 Bf3 44. Bc4 Bxe4 45. Bf1 g4 46. Kf2 g3+ 47. Kg1
Bd5 48. c4 Be4 49. b4 cxb4 50. c5 bxc5 51. Be2 b3 52. Bc4 b2 53. Bf1 g2 0-1

[Event "Sparkassen-Open A"]
[Site "Heusenstamm, Martinsee"]
[Date "2016.11.27"]
[Round "1.90"]
[White "Neukirchner, Pascal"]
[Black "Diener, Carolin Valeria"]
[Result "1-0"]
[WhiteElo "2026"]
[BlackElo "1699"]
[PlyCount "69"]
[EventDate "2016.??.??"]
[WhiteTeam "SK Gründau"]
[BlackTeam "SK Bad Homburg"]

1. d4 d5 2. c4 e6 3. Nc3 Nf6 4. cxd5 exd5 5. Bg5 Be7 6. e3 c6 7. Bd3 Nbd7 8.
Qc2 Nf8 9. Nf3 h6 10. Bh4 Ne6 11. O-O O-O 12. Rfd1 Kh8 13. Rab1 Nc7 14. Rdc1
Nce8 15. b4 b6 16. Ne5 Bb7 17. Ne2 g5 18. Bg3 Rc8 19. Qa4 Nd6 20. Nxc6 Bxc6 21.
Rxc6 Rxc6 22. Qxc6 Qc8 23. Rc1 Qxc6 24. Rxc6 Rc8 25. Rxd6 Bxd6 26. Bxd6 Ne8 27.
Bg3 Kg7 28. Kf1 Kf6 29. Ke1 Ke6 30. Kd2 f5 31. Be5 Nf6 32. Bxf6 Kxf6 33. f4 Ke6
34. Ng3 Rf8 35. Nxf5 1-0

[Event "Sparkassen-Open A"]
[Site "Heusenstamm, Martinsee"]
[Date "2016.11.27"]
[Round "1.91"]
[White "Kirchner, Markus"]
[Black "Schmitt, Carsten"]
[Result "0-1"]
[WhiteElo "1682"]
[BlackElo "2025"]
[PlyCount "60"]
[EventDate "2016.??.??"]
[WhiteTeam "SF Schöneck"]
[BlackTeam "SV Bergwinkel"]

1. e4 e6 2. d4 d5 3. exd5 exd5 4. Bd3 c5 5. Nf3 Nf6 6. O-O Be7 7. Re1 O-O 8.
Bg5 Bg4 9. c3 Nbd7 10. Nbd2 Re8 11. Qc2 Qb6 12. Ne5 Nxe5 13. dxe5 Nd7 14. Bxe7
Rxe7 15. Bxh7+ Kh8 16. Bf5 Bxf5 17. Qxf5 Qxb2 18. Qh3+ Kg8 19. Nf3 Qxc3 20.
Rac1 Qa3 21. Rcd1 d4 22. Qh4 Rae8 23. Ng5 Nf8 24. f4 Qxa2 25. Rd3 f6 26. Rh3
fxg5 27. Qh8+ Kf7 28. fxg5 Ke6 29. Qg8+ Rf7 30. g6 Qf2+ 0-1

[Event "Sparkassen-Open A"]
[Site "Heusenstamm, Martinsee"]
[Date "2016.11.27"]
[Round "1.92"]
[White "Vangsgaard, Bjarke"]
[Black "Ebeling, Leander"]
[Result "1-0"]
[WhiteElo "2022"]
[BlackElo "1691"]
[PlyCount "33"]
[EventDate "2016.??.??"]
[WhiteTeam "Vejlby-Risskov"]
[BlackTeam "SK Mainaschaff"]

1. d4 c6 2. Nf3 d5 3. Bf4 Nf6 4. e3 g6 5. c4 Bg7 6. Nc3 O-O 7. Be2 b6 8. O-O
Bb7 9. Ne5 h6 10. Rc1 Nh5 11. Bxh5 gxh5 12. cxd5 cxd5 13. Qxh5 Nd7 14. Bxh6
Nxe5 15. dxe5 e6 16. Qg4 Qg5 17. Qxg5 1-0

[Event "Sparkassen-Open A"]
[Site "Heusenstamm, Martinsee"]
[Date "2016.11.27"]
[Round "1.93"]
[White "Karthik, Thrish"]
[Black "Trumpp, Lothar"]
[Result "0-1"]
[WhiteElo "1689"]
[BlackElo "2020"]
[PlyCount "142"]
[EventDate "2016.??.??"]
[WhiteTeam "vereinslos"]
[BlackTeam "VSG Offenbach"]

1. e4 Nc6 2. d4 e5 3. Nf3 exd4 4. Nxd4 Bc5 5. Be3 Qf6 6. c3 Nge7 7. Bc4 Ne5 8.
Bb3 d6 9. O-O O-O 10. Nc2 Bxe3 11. Nxe3 Qf4 12. Bc2 Ng4 13. Nxg4 Bxg4 14. f3
Be6 15. Qd2 Qh4 16. Na3 a6 17. Bb3 Bxb3 18. axb3 f5 19. Rae1 f4 20. Qf2 Qg5 21.
Nc4 Nc6 22. Rd1 Rae8 23. Rd5 Qh6 24. Na5 Ne7 25. Rdd1 Qg5 26. Nc4 Rf6 27. Rfe1
Rh6 28. Nd2 Qh5 29. Nf1 Nc6 30. Qd2 Qf7 31. Qd5 Ree6 32. Rd2 Rh5 33. Qd3 Reh6
34. Qe2 Qxb3 35. Rd5 Rxd5 36. exd5 Ne5 37. Qd2 Rf6 38. Re4 Qb6+ 39. Kh1 g5 40.
Qe2 Kf7 41. Rb4 Qa7 42. Re4 Qc5 43. Rd4 Rg6 44. Nd2 Qa5 45. Ne4 h6 46. h3 Rg8
47. Nf2 Re8 48. Qc2 Kg7 49. Qf5 Qa1+ 50. Nd1 Qc1 51. h4 Rf8 52. Qe6 Qc2 53.
hxg5 hxg5 54. Qe7+ Rf7 55. Qxg5+ Ng6 56. Kh2 Rf5 57. Qg4 Kh6 58. Kg1 Rg5 59.
Qh3+ Rh5 60. Qe6 Re5 61. Qh3+ Kg7 62. Kh2 Rg5 63. Rc4 c5 64. dxc6 bxc6 65. Rxc6
Rg3 66. Qd7+ Kh6 67. Ne3 fxe3 68. Kxg3 Qf2+ 69. Kh2 Qh4+ 70. Qh3 Qxh3+ 71. Kxh3
e2 0-1

[Event "Sparkassen-Open A"]
[Site "Heusenstamm, Martinsee"]
[Date "2016.11.27"]
[Round "1.94"]
[White "Kalepky, Helmut"]
[Black "Laux, Dominik"]
[Result "1-0"]
[WhiteElo "2019"]
[BlackElo "1642"]
[PlyCount "65"]
[EventDate "2016.??.??"]
[WhiteTeam "SF Heidesheim"]
[BlackTeam "VSG Offenbach"]

1. e4 d5 2. Nc3 d4 3. Nce2 e5 4. c3 c5 5. cxd4 cxd4 6. Nf3 Nc6 7. Ng3 Be6 8.
Bb5 f6 9. O-O Bd6 10. d3 Nge7 11. Ne1 Qc7 12. Nh5 O-O 13. f4 a6 14. Bxc6 Nxc6
15. f5 Bf7 16. Qg4 Bxh5 17. Qxh5 Qf7 18. Qg4 Rac8 19. Rf3 Rc7 20. Rh3 g6 21.
fxg6 hxg6 22. Bh6 Rfc8 23. Qh4 Bf8 24. Bd2 Bg7 25. Nf3 Ne7 26. Nxe5 fxe5 27.
Rf1 Qxf1+ 28. Kxf1 Rf8+ 29. Ke2 Nc6 30. Qh7+ Kf7 31. Rf3+ Ke8 32. Rxf8+ Kxf8
33. Bh6 1-0

[Event "Sparkassen-Open A"]
[Site "Heusenstamm, Martinsee"]
[Date "2016.11.27"]
[Round "1.95"]
[White "Pade, Joachim"]
[Black "Küpper, Martin"]
[Result "0-1"]
[WhiteElo "1672"]
[BlackElo "2019"]
[PlyCount "62"]
[EventDate "2016.??.??"]
[WhiteTeam "SV Alsfeld"]
[BlackTeam "SC Fulda"]

1. e4 d5 2. exd5 Nf6 3. Bc4 Nxd5 4. Qf3 c6 5. Ne2 e5 6. O-O Bc5 7. c3 Nf6 8. h3
O-O 9. d3 Re8 10. Bg5 Be6 11. Bb3 Nbd7 12. Nd2 Qb6 13. Rad1 a5 14. Bxe6 Rxe6
15. Nc4 Qb5 16. Ng3 e4 17. Nxe4 Rxe4 18. dxe4 Qxc4 19. Bxf6 Nxf6 20. Rfe1 Qxa2
21. Rd2 Qe6 22. g4 h6 23. Qg2 Re8 24. Ree2 Qe5 25. Kh1 Bd6 26. f3 a4 27. h4 b5
28. f4 Qxf4 29. e5 Rxe5 30. Qxc6 Rxe2 31. Rxe2 Qf1# 0-1

[Event "Sparkassen-Open A"]
[Site "Heusenstamm, Martinsee"]
[Date "2016.11.27"]
[Round "1.96"]
[White "Kornitzky, Tino"]
[Black "Köllner, Felicitas Ophelia"]
[Result "1/2-1/2"]
[WhiteElo "2018"]
[BlackElo "1670"]
[PlyCount "188"]
[EventDate "2016.??.??"]
[WhiteTeam "SC Erlangen"]
[BlackTeam "SV Bergneustadt/Derschlag"]

1. d4 d6 2. c4 e5 3. e3 Be7 4. Nc3 Nd7 5. g3 Ngf6 6. Bg2 O-O 7. Nge2 c6 8. O-O
a5 9. a3 Qc7 10. Rb1 Rb8 11. Qd3 Re8 12. b4 Bf8 13. d5 c5 14. Nb5 Qd8 15. bxa5
Qxa5 16. Bd2 Qd8 17. e4 b6 18. Ra1 Ba6 19. Nec3 Ra8 20. a4 Nb8 21. Bg5 Be7 22.
Ra2 Bxb5 23. Nxb5 Na6 24. Bd2 Nc7 25. Rb1 Nd7 26. Nc3 Na6 27. Ne2 Qc7 28. Bh3
Reb8 29. Rab2 Bd8 30. Qf3 Nf6 31. Nc3 Qe7 32. Nd1 Qe8 33. Ne3 Qxa4 34. Nf5 Ne8
35. Rb3 Nac7 36. Bc1 Qa6 37. Bh6 g6 38. Ne3 Bf6 39. Bd7 Bg7 40. Bxg7 Nxg7 41.
Bc6 Ra7 42. Ng4 Nce8 43. Nh6+ Kf8 44. Qe2 Nh5 45. Rf3 Nhf6 46. Rfb3 Kg7 47. Ng4
Nxg4 48. Qxg4 Nf6 49. Qe2 Nd7 50. Rb5 Nf6 51. Qc2 Qa2 52. R5b2 Qa6 53. f3 Ng8
54. Rb5 Ne7 55. Qb3 Nxc6 56. dxc6 Rc7 57. Rxb6 Rxb6 58. Qxb6 Rxc6 59. Qxa6 Rxa6
60. Rd1 Kf6 61. h4 Ke6 62. Rc1 Ra3 63. Kf2 f5 64. exf5+ Kxf5 65. Rc2 e4 66.
fxe4+ Kxe4 67. Re2+ Kd4 68. Re6 Ra6 69. Re7 Kxc4 70. Rxh7 d5 71. h5 gxh5 72.
Rxh5 d4 73. Ke2 d3+ 74. Ke3 Ra2 75. Rh1 Kc3 76. Rc1+ Rc2 77. Re1 Rg2 78. Rc1+
Kb2 79. Rxc5 d2 80. Rd5 Kc2 81. Rxd2+ Rxd2 82. g4 Rd5 83. Kf4 Kd3 84. g5 Kd4
85. g6 Rd7 86. Kf5 Rd5+ 87. Kf6 Rd6+ 88. Kf5 Rd7 89. Kf6 Ra7 90. g7 Ra6+ 91.
Kf7 Ra7+ 92. Kf6 Ra6+ 93. Kf7 Ra7+ 94. Kf6 Ra6+ 1/2-1/2

[Event "Sparkassen-Open A"]
[Site "Heusenstamm, Martinsee"]
[Date "2016.11.27"]
[Round "1.97"]
[White "Wilk, David"]
[Black "Prill, Gerhard"]
[Result "1/2-1/2"]
[WhiteElo "1661"]
[BlackElo "2018"]
[PlyCount "64"]
[EventDate "2016.??.??"]
[WhiteTeam "SF Mainz"]
[BlackTeam "SC Heitersheim"]

1. e4 e5 2. Nf3 Nc6 3. Bb5 a6 4. Ba4 Nf6 5. O-O Nxe4 6. Re1 Nc5 7. Bxc6 dxc6 8.
Nxe5 Be7 9. d4 Ne6 10. Be3 O-O 11. c4 f6 12. Nf3 f5 13. Qb3 f4 14. Bd2 c5 15.
d5 Ng5 16. Nxg5 Bxg5 17. Qf3 Qf6 18. Bc3 Qg6 19. Nd2 Bh6 20. h3 Bf5 21. Re7
Rac8 22. Rae1 b6 23. b4 Qd6 24. bxc5 bxc5 25. Qh5 Qg6 26. Qxg6 hxg6 27. Nb3 Bd3
28. Nxc5 Bxc4 29. Ne4 Rf7 30. Rxf7 Kxf7 31. Rd1 Bxa2 32. Ba5 Bxd5 1/2-1/2

[Event "Sparkassen-Open A"]
[Site "Heusenstamm, Martinsee"]
[Date "2016.11.27"]
[Round "1.98"]
[White "Stork, Oliver"]
[Black "Stolle, Hendrik"]
[Result "1-0"]
[WhiteElo "2017"]
[BlackElo "1618"]
[PlyCount "39"]
[EventDate "2016.??.??"]
[WhiteTeam "SV Oberursel"]
[BlackTeam "TG Biberach"]

1. c4 Nf6 2. g3 g6 3. Bg2 d6 4. Nc3 Bg7 5. d3 O-O 6. e4 e5 7. Nge2 Nbd7 8. O-O
h6 9. h3 c6 10. Be3 a6 11. d4 exd4 12. Nxd4 c5 13. Nde2 Qe7 14. Qd2 Kh7 15.
Rad1 Ne5 16. b3 Ne8 17. Nd5 Qd7 18. f4 Nc6 19. Nb6 Qc7 20. Nxa8 1-0

[Event "Sparkassen-Open A"]
[Site "Heusenstamm, Martinsee"]
[Date "2016.11.27"]
[Round "1.99"]
[White "Fey, Karl-Heinz"]
[Black "Rondonuwu, Grover"]
[Result "0-1"]
[WhiteElo "1277"]
[BlackElo "2066"]
[PlyCount "50"]
[EventDate "2016.??.??"]
[WhiteTeam "SC Haßloch"]
[BlackTeam "Frankfurter TV"]

1. Nf3 d5 2. d4 Nf6 3. e3 e6 4. Be2 c5 5. O-O Nc6 6. Bd2 Bd6 7. Bb5 O-O 8. Bxc6
bxc6 9. dxc5 Bxc5 10. b3 Ne4 11. Nc3 Nxd2 12. Qxd2 Qf6 13. a3 e5 14. h3 Bxh3
15. gxh3 Qxf3 16. Kh2 f5 17. Rg1 f4 18. b4 fxe3 19. Qe1 Qxf2+ 20. Qxf2 Rxf2+
21. Rg2 Bb6 22. Rag1 Re8 23. Kg3 Rxg2+ 24. Kxg2 Rf8 25. Ne2 Rf2+ 0-1

[Event "Sparkassen-Open A"]
[Site "Heusenstamm, Martinsee"]
[Date "2016.11.27"]
[Round "2.1"]
[White "Tornay Gomez, Josu"]
[Black "Michalik, Peter"]
[Result "0-1"]
[WhiteElo "2121"]
[BlackElo "2550"]
[PlyCount "36"]
[EventDate "2016.??.??"]
[WhiteTeam "SC Herborn"]
[BlackTeam "SK Schwäbisch Hall"]

1. e4 e6 2. d4 d5 3. Bd3 c5 4. exd5 exd5 5. Nf3 Nc6 6. O-O cxd4 7. Re1+ Be7 8.
h3 Nf6 9. Nbd2 O-O 10. Nb3 Ne4 11. Nbxd4 f5 12. c3 g5 13. Nxc6 bxc6 14. Nd4 Qd6
15. Qh5 c5 16. Nb5 Qd7 17. Bxe4 fxe4 18. Bxg5 Rf5 0-1

[Event "Sparkassen-Open A"]
[Site "Heusenstamm, Martinsee"]
[Date "2016.11.27"]
[Round "2.2"]
[White "Korneev, Oleg"]
[Black "Erdmann, Stefan"]
[Result "1-0"]
[WhiteElo "2582"]
[BlackElo "2155"]
[PlyCount "45"]
[EventDate "2016.??.??"]
[WhiteTeam "vereinslos"]
[BlackTeam "SC Bad Soden"]

1. e4 c5 2. Nf3 Nc6 3. Bb5 d6 4. O-O Bd7 5. Re1 Nf6 6. c3 a6 7. Bf1 Bg4 8. h3
Bh5 9. g4 Bg6 10. d4 e6 11. d5 Ne5 12. Nfd2 exd5 13. f4 Nxe4 14. fxe5 Qh4 15.
Nxe4 Bxe4 16. Rxe4 dxe4 17. Qa4+ b5 18. Bxb5+ Ke7 19. Kg2 h5 20. exd6+ Kf6 21.
Qxe4 hxg4 22. Qf4+ Kg6 23. Bd3+ 1-0